Novedades laborales del 2009

Detalles Bibliográficos
Formato: Desconocido
Lenguaje:español
Publicado: [Barcelona] : Planificacin̤ Jurd̕ica, 2009
Materias:
Acceso en línea:Acceso restringido

MARC

LEADER 00000ny a22000003n 4500
005 2011061609189.0
008 080702s2008 sp s 000 0 spa c
020 |a 9788493630225 
035 |a 4649 
040 |a BUS  |d vLex 
080 |a 349.2(460)"2009"(0.034) 
090 |c 742  |d 742 
245 0 0 |a Novedades laborales del 2009  |h [Recurso electrn̤ico]  |c Javier Sǹchez Icart, Daniel Mir ̤i Morros, Andrš Přez 
246 3 |a Novedades laborales 2009 
256 |a Servicio en ln̕ea 
260 |a [Barcelona] :  |b Planificacin̤ Jurd̕ica,  |c 2009 
506 1 |a Contenido solo disponible en los productos indicados  |d vLex Global  |d vLex Global (Academic Edition, excluding Law Schools)  |d vLex Global (U.S. Academic Edition, Law Schools)  |d vLex Global (U.S. Academic Edition, excluding Law Schools)  |d vLex Global (Academic Edition, Law Schools) 
650 0 4 |a Trabajo  |x Derecho  |z Espaą  |y 2009 
740 0 |a vLex Libros (Servicios en ln̕ea) 
856 4 0 |u http://vlex.com/source/4649  |z Acceso restringido 
942 |c BOOK 
999 0 |a Work  |b Barcelona